| 000 | 00455nab a2200145Ia 4500 | ||
|---|---|---|---|
| 003 | ES-SlBCS | ||
| 005 | 20210601125141.0 | ||
| 008 | 140529s2004 xxu||||| |||| 00| 0 eng d | ||
| 041 | _aeng | ||
| 100 | 1 |
_aPrzybysz, Piotr J. _9154538 |
|
| 245 | 0 | 0 |
_aOn the Actuality of Aestetic Values in Knut Hamsun's Blessing of Earth _c Piotr J. Przybysz |
| 650 | 0 | 4 |
_aValores Estéticos _9133334 |
| 773 | 0 |
_tParerga _gnº. 2, 2004, págs. 123-130 _wRev1522 |
|
| 942 | _cAR | ||
| 999 |
_c525568 _d525568 |
||